LEADER 00972nam a2200253 i 4500 001 991001789159707536 005 20020503153616.0 008 001103s19-- it ||| | ita 035 $ab10273050-39ule_inst 035 $aEXGIL91503$9ExL 040 $aBiblioteca Interfacoltà$bita 082 0 $a189.4 100 1 $aOlgiati, Francesco$0136564 245 12$aL'anima di san Tommaso :$bsaggio filosofico intorno alla concezione tomista /$cFrancesco Olgiati 260 $aMilano :$bVita e pensiero,$c[19--] 300 $a149 p. ;$c24 cm. 490 0 $aPubblicazioni della Università cattolica del Sacro Cuore. Scienze filosofiche ;$v1 650 4$aTomismo 907 $a.b10273050$b17-02-17$c27-06-02 912 $a991001789159707536 945 $aLE002 Fil. VIII B 1$g1$i2002000526076$lle002$o-$pE0.00$q-$rn$so $t0$u0$v0$w0$x0$y.i10324665$z27-06-02 996 $aAnima di San Tommaso$9156088 997 $aUNISALENTO 998 $ale002$b01-01-00$cm$da $e-$fita$git $h2$i1